000 00339nam a22001337a 4500
020 _qHB.
040 _cFIZZA ISHAQ
082 _a512.9
_bKAR
100 _aSmith,Karl J.
_939950
245 _aPrimer for College Algebra /
_cKarl J. Smith.
260 _aUSA:
_bBrooks/Cole,
_c1990.
300 _a563 P. ;
_c20.96x2.54x24.13
942 _2ddc
_cBK
999 _c615327
_d615327